Statistics for Top Twenty Olympic Teams by Gold Medals Won in the Summer Olympics

Click here to take the quiz!

General Stats

  • This quiz has been taken 249 times
  • The average score is 18 of 20

Answer Stats

RankTotal Gold MedalsOlympic Team% Correct
11022United States
100%
2395USSR
100%
4227China
99%
5212France
98%
7191Germany
98%
3263Great Britain
98%
11147Australia
97%
6206Italy
97%
13142Japan
96%
2063Canada
93%
10149Russia
93%
12145Sweden
92%
1785The Netherlands
84%
9153East Germany
83%
1967Poland
81%
8175Hungary
79%
1590South Korea
78%
1689Romania
76%
14101Finland
69%
1877Cuba
53%

Score Distribution

Percentile by Number Answered

Percent of People with Each Score

Your Score History

You have not taken this quiz